|
|
|
|
| LEADER |
00000naa2a2200000 4500 |
| 001 |
259220 |
| 005 |
20240116115837.0 |
| 035 |
|
|
|a (RuTPU)RU\TPU\book\282136
|
| 035 |
|
|
|a RU\TPU\book\282133
|
| 090 |
|
|
|a 259220
|
| 100 |
|
|
|a 20140506d1978 k y0rusy50 ca
|
| 101 |
0 |
|
|a rus
|
| 102 |
|
|
|a RU
|
| 200 |
1 |
|
|a О координации высоковольтных импульсных устройств на основе вероятностно-статистического подхода
|f В. Я. Ушаков [и др.]
|
| 463 |
|
1 |
|0 (RuTPU)RU\TPU\book\113959
|t Тезисы докладов III Всесоюзного симпозиума по сильноточной импульсной электронике
|v С. 149-150
|d 1978
|p 280 с.
|
| 610 |
1 |
|
|a труды учёных ТПУ
|
| 701 |
|
1 |
|a Ушаков
|b В. Я.
|c специалист в области электроэнергетики
|c профессор Томского политехнического университета, доктор технических наук
|f 1939-
|g Василий Яковлевич
|3 (RuTPU)RU\TPU\pers\10509
|9 2236
|
| 701 |
|
1 |
|a Важов
|b В. Ф.
|c специалист в области энергетики
|c доцент Томского политехнического университета, кандидат технических наук
|f 1939-
|g Владислав Фёдорович
|3 (RuTPU)RU\TPU\pers\26506
|
| 701 |
|
1 |
|a Капишников
|b Н. К.
|
| 701 |
|
1 |
|a Кухта
|b В. Р.
|
| 701 |
|
1 |
|a Лопатин
|b В. В.
|c электрофизик
|c доктор физико-математических наук, профессор Томского политехнического университета, заместитель директора по научной работе ИФВТ ТПУ
|f 1947-
|g Владимир Васильевич
|3 (RuTPU)RU\TPU\pers\20662
|
| 701 |
|
1 |
|a Муратов
|b В. М.
|c физик
|c заведующий лабораторией Томского политехнического университета, кандидат технических наук
|f 1945-
|g Василий Михайлович
|3 (RuTPU)RU\TPU\pers\26507
|
| 801 |
|
1 |
|a RU
|b 63413507
|c 20120516
|
| 801 |
|
2 |
|a RU
|b 63413507
|c 20140506
|g RCR
|
| 942 |
|
|
|c BK
|